00350 2200145 4500001002100000005001500021035002000036245005700056100001500113300001200128260003000140082000800170084001400178990001200192INLIS00000000000195820250523093203 a0010-05250002501 aTeknik Membaca Peta dan Kompas /cIr. N.S.Adi Yuwono0 aAdi Yuwono a142 hlm aBandung :bAngkasa,c2008 a900 a900 ADI t a0713504